| 000 | 00561nam a22002057a 4500 | ||
|---|---|---|---|
| 003 | OSt | ||
| 005 | 20140716170639.0 | ||
| 008 | 140715b1975 xxu||||| |||| 00| 0 spa d | ||
| 040 | _cBMC | ||
| 082 | _a001.42 | ||
| 082 | _a808.066 | ||
| 100 | 1 |
_919087 _aBarreto O., Luis Augusto |
|
| 245 | 1 | 0 |
_aMetodología de trabajos escritos _cLuis Augusto Barreto O |
| 260 |
_aSan Salvador _bIpler _c1976 |
||
| 300 |
_a119 h. _c27 cm |
||
| 500 | _aEjemp. mecan. | ||
| 650 | 2 | 4 |
_9168 _aInvestigación _xMetodología |
| 650 | 2 | 4 |
_93370 _aEscritos científicos |
| 942 |
_2ddc _cBK |
||
| 999 |
_c12288 _d12288 |
||